CASE STUDIES IN ETERNAL MEDICINE (Record no. 216910)

MARC details
000 -LEADER
fixed length control field 00423nam a22001577a 4500
008 - FIXED-LENGTH DATA ELEMENTS--GENERAL INFORMATION
fixed length control field 260331b |||||||| |||| 00| 0 eng d
020 ## - INTERNATIONAL STANDARD BOOK NUMBER
International Standard Book Number 978-93-51502-295-9
050 ## - LIBRARY OF CONGRESS CALL NUMBER
Classification number RC 46.C37 2014
100 ## - MAIN ENTRY--PERSONAL NAME
Personal name ATUL KAKAR
245 ## - TITLE STATEMENT
Title CASE STUDIES IN ETERNAL MEDICINE
260 ## - PUBLICATION, DISTRIBUTION, ETC.
Place of publication, distribution, etc. NEW DELHI
Name of publisher, distributor, etc. JAYPEE BROTHERS
Date of publication, distribution, etc. 2014
300 ## - PHYSICAL DESCRIPTION
Extent X,144
650 ## - SUBJECT ADDED ENTRY
Topical term or geographic name entry element Clinical medicine case studies
942 ## - ADDED ENTRY ELEMENTS (KOHA)
Source of classification or shelving scheme Library of Congress Classification
Koha item type Long Loan Book
Holdings
Withdrawn status Lost status Source of classification or shelving scheme Damaged status Not for loan Collection Home library Current library Shelving location Date acquired Inventory number Total checkouts Full call number Barcode Date last seen Copy number Price effective from Koha item type
    Library of Congress Classification     Medicine Kisii University Library Kisii University Library On Display 03/31/2026 112690   RC 46.C37 2014 A000081 03/31/2026 C.3 03/31/2026 Long Loan Book
    Library of Congress Classification     Medicine Kisii University Library Kisii University Library On Display 03/31/2026 112689   RC 46.C37 2014 A000082 03/31/2026 C.2 03/31/2026 Long Loan Book
    Library of Congress Classification     Medicine Kisii University Library Kisii University Library On Display 03/31/2026 112688   RC 46.C37 2014 A000079 03/31/2026 C.1 03/31/2026 Long Loan Book
    Library of Congress Classification     Medicine Kisii University Library Kisii University Library On Display 03/31/2026 112691   RC 46.C37 2014 A000084 03/31/2026 C.4 03/31/2026 Long Loan Book